[Event "V Miedzynarodowy Memorial Ireny Warakomskiej - Open B"]
[Site "Suwalki"]
[Date "2021-07-27"]
[Round "1.1"]
[White "Gawronski, Miroslaw"]
[Black "Vedant, Kumar Saravana"]
[Result "1-0"]
[WhiteTitle ""]
[BlackTitle ""]
[WhiteElo "2068"]
[BlackElo "1815"]

1. d4 d5 2. Nf3 Nf6 3. Bf4 e6 4. e3 c5 5. c4 Nc6 6. Nc3 a6 7. Rc1 dxc4 8. Bxc4
b5 9. Bb3 c4 10. Bc2 Nd5 11. Bg3 Nxc3 12. bxc3 Bd6 13. Qe2 Bb7 14. O-O Bxg3 15.
hxg3 O-O 16. e4 Ne7 17. Nh4 Ng6 18. Qg4 Qf6 19. f4 Nxh4 20. gxh4 Qg6 21. Qf3 f5
22. exf5 Bxf3 23. fxg6 Bg4 24. gxh7+ Kh8 25. Be4 Rad8 26. a3 Bf5 27. Rce1 Rd6
28. Rf3 Bg4 29. Rf2 Rf6 30. g3 g6 31. Rb2 Kxh7 32. Kg2 Kg7 33. a4 Bf5 34. axb5
Bxe4+ 35. Rxe4 Rb6 36. Re5 Rf5 37. Rc5 axb5 38. Rxc4 Ra6 39. Rcb4 Ra3 40. R4b3
Ra5 41. Re2 Kf7 42. Re5 Ra2+ 43. Kf3 Rd2 44. g4 Rxe5 45. fxe5 Rd3+ 46. Kf4 Kg7
47. Rxb5 Rxc3 48. Rb7+ Kf8 49. Kg5 Rg3 50. Kf6 Rf3+ 51. Kxe6 Rf4 52. d5 Rxg4 53.
d6 Rxh4 54. Rb8+ Kg7 55. d7 Rd4 56. d8=Q Rxd8 57. Rxd8 g5 58. Kf5 Kf7 59. Kxg5
Ke7 60. Rd6 1-0

[Event "V Miedzynarodowy Memorial Ireny Warakomskiej - Open B"]
[Site "Suwalki"]
[Date "2021-07-27"]
[Round "1.2"]
[White "Kitewski, Bartosz"]
[Black "Krasiewicz, Robert "]
[Result "1-0"]
[WhiteTitle ""]
[BlackTitle ""]
[WhiteElo "1813"]
[BlackElo "2049"]

1. d4 g6 2. c4 Bg7 3. Nf3 f5 4. g3 Nf6 5. Bg2 d6 6. O-O O-O 7. Nc3 Nc6 8. d5 Na5
9. Qd3 c5 10. Bd2 a6 11. Rab1 b5 12. cxb5 axb5 13. Qxb5 Ba6 14. Qa4 Nc4 15. Qc2
h6 16. Rfe1 Kh7 17. e4 Ng4 18. exf5 gxf5 19. h3 Nge5 20. Nh4 Nxd2 21. Qxd2 Nd3
22. Re3 c4 23. Nxf5 Kh8 24. Be4 Bc8 25. Bxd3 cxd3 26. Nxe7 Rf6 27. Nxc8 Qxc8 28.
Kg2 Rf5 29. Qxd3 Bxc3 30. Qxc3+ Qxc3 31. Rxc3 Rxa2 32. Rd3 Kg7 33. f4 h5 34. Kf3
Ra5 35. Rbd1 Rb5 36. b3 Rb4 37. Rc1 Rb5 38. Rcd1 Rb4 39. Rc1 Rb5 40. Ke4 Rf6 41.
g4 hxg4 42. hxg4 Kg6 43. Rc6 Rb4+ 44. Rc4 Rb5 45. Kf3 Kf7 46. f5 Rh6 47. Kf4 Rh1
48. Rc7+ Ke8 49. f6 Rb4+ 50. Rc4 Rb7 51. Kg5 Kf7 52. Rdc3 Rd1 53. Rc7+ Rxc7 54.
Rxc7+ Ke8 55. f7+ Kf8 56. Kg6 1-0

[Event "V Miedzynarodowy Memorial Ireny Warakomskiej - Open B"]
[Site "Suwalki"]
[Date "2021-07-27"]
[Round "1.3"]
[White "Meers, Hubert"]
[Black "Cwiek, Ryszard "]
[Result "1-0"]
[WhiteTitle ""]
[BlackTitle ""]
[WhiteElo "2037"]
[BlackElo "1807"]

1. e4 d6 2. d4 Nf6 3. Nc3 g6 4. f3 Bg7 5. Be3 c6 6. Qd2 Nbd7 7. h4 b5 8. g4 Qa5
9. h5 b4 10. Nce2 Nb6 11. h6 Bf8 12. Ng3 d5 13. e5 Nfd7 14. e6 fxe6 15. Nh3 Nc4
16. Bxc4 dxc4 17. Ne4 c3 18. bxc3 bxc3 19. Qxc3 Qxc3+ 20. Nxc3 e5 21. d5 Bb7 22.
Rb1 O-O-O 23. dxc6 Bxc6 24. Ng5 Re8 25. Bxa7 e6 26. Nce4 Be7 27. Nxe6 Bxe4 28.
fxe4 Bh4+ 29. Rxh4 Rxe6 30. Rh3 Rc6 31. Kd2 Kc7 32. Rhb3 Rc8 33. g5 Kd8 34. R1b2
Ke7 35. Rd3 R8c7 36. Ra3 Rd6+ 37. Ke2 Rdc6 38. Be3 Rxc2+ 39. Rxc2 Rxc2+ 40. Kd3
Rc8 41. Ra7 Ke6 42. a4 Kd6 43. Ra6+ Ke7 44. a5 Kf7 45. Ra7 Ke6 46. a6 Rd8 47.
Ke2 Kd6 48. Rb7 Kc6 49. Rb1 Ra8 50. a7 Kd6 51. Rf1 Ke6 52. Kd3 Rc8 53. Ra1 Ra8
54. Kc4 Nc5 55. Bxc5 Rxa7 56. Bxa7 Kd6 57. Bc5+ Ke6 58. Ra6+ Kd7 59. Kd5 Kc7 60.
Ra7+ Kb8 61. Kc6 Kc8 62. Ra8# 1-0

[Event "V Miedzynarodowy Memorial Ireny Warakomskiej - Open B"]
[Site "Suwalki"]
[Date "2021-07-27"]
[Round "1.4"]
[White "Tylenda, Krzysztof "]
[Black "Lukasiewicz, Anna"]
[Result "1-0"]
[WhiteTitle ""]
[BlackTitle ""]
[WhiteElo "1806"]
[BlackElo "2032"]

1. e4 c5 2. Nc3 Nc6 3. g3 g6 4. Bg2 Bg7 5. d3 d6 6. Be3 Rb8 7. Qd2 b5 8. f4 b4
9. Nd1 e6 10. Nf3 Nge7 11. O-O O-O 12. g4 f5 13. gxf5 exf5 14. c3 a5 15. c4 Kh8
16. Nf2 Nd4 17. Bxd4 cxd4 18. e5 dxe5 19. Nxe5 Bb7 20. Nh3 Bxg2 21. Qxg2 Bxe5
22. fxe5 Qc7 23. Rae1 Nc6 24. Ng5 Rbe8 25. e6 Nd8 26. Qd5 Qg7 27. Nf3 g5 28. Nxd4
f4 29. Nf5 Rxf5 30. Qxf5 Qxb2 31. e7 Qd4+ 32. Kh1 Nc6 33. Qf8+ 1-0

[Event "V Miedzynarodowy Memorial Ireny Warakomskiej - Open B"]
[Site "Suwalki"]
[Date "2021-07-27"]
[Round "1.5"]
[White "Grabowski, Adam"]
[Black "Wnek, Filip"]
[Result "1-0"]
[WhiteTitle ""]
[BlackTitle ""]
[WhiteElo "2021"]
[BlackElo "1803"]

1. Nf3 f5 2. g3 Nf6 3. d4 e6 4. Bg2 Be7 5. c4 O-O 6. O-O d6 7. b4 Ne4 8. Qb3 Bf6
9. Bb2 Qe8 10. Nbd2 Nxd2 11. Nxd2 e5 12. dxe5 dxe5 13. c5+ Kh8 14. e4 f4 15. gxf4
exf4 16. e5 Be7 17. Kh1 a5 18. Rg1 axb4 19. Be4 f3 20. Rg3 Ra6 21. Rag1 Rh6 22.
Nf1 Be6 23. Bd5 Bh4 24. Rxg7 Bxf2 25. R1g5 Bh4 26. Rg1 Bf2 27. Bc1 Bxd5 28. Qxd5
Rh4 29. Bb2 Bxg1 30. Rxg1 Nd7 31. e6+ Nf6 32. Qg5 Qxe6 33. Qg7# 1-0

[Event "V Miedzynarodowy Memorial Ireny Warakomskiej - Open B"]
[Site "Suwalki"]
[Date "2021-07-27"]
[Round "1.6"]
[White "Racis, Michal"]
[Black "Czarniecka, Aleksandra "]
[Result "0-1"]
[WhiteTitle ""]
[BlackTitle ""]
[WhiteElo "1790"]
[BlackElo "2019"]

1. d4 d6 2. c4 g6 3. Nc3 Bg7 4. e4 Nf6 5. Be2 O-O 6. Bg5 Nbd7 7. Qd2 e5 8. d5 Nc5
9. f3 a5 10. g4 Bd7 11. h4 c6 12. Nh3 cxd5 13. cxd5 Qb6 14. Nf2 Rac8 15. h5 Na4
16. Nxa4 Bxa4 17. b3 Bb5 18. h6 Bh8 19. O-O Rfe8 20. Rfc1 Nd7 21. Rxc8 Rxc8 22.
Rc1 Rxc1+ 23. Qxc1 Nc5 24. Bxb5 Qxb5 25. Be3 Bf6 26. Qc4 Qxc4 27. bxc4 b6 28.
g5 Bd8 29. Kg2 Kf8 30. Kg3 Na4 31. Nd1 Ke8 32. Kg4 Kd7 33. f4 exf4 34. Bxf4 f6
35. Be3 Be7 36. Bf4 Nc5 37. Nc3 Nd3 38. gxf6 Bxf6 39. Ne2 Nb2 40. Bg5 Be5 41.
Nf4 Bxf4 42. Kxf4 Nxc4 43. Bf6 b5 44. Kf3 Ne5+ 45. Kf4 Nf7 46. Bg7 b4 47. Ke3
Kc7 48. Kd3 g5 49. Kc4 g4 50. Kb5 Ne5 51. Bf6 Nf3 0-1

[Event "V Miedzynarodowy Memorial Ireny Warakomskiej - Open B"]
[Site "Suwalki"]
[Date "2021-07-27"]
[Round "1.7"]
[White "Pytel, Maciej"]
[Black "Milewski, Karol"]
[Result "1/2-1/2"]
[WhiteTitle ""]
[BlackTitle ""]
[WhiteElo "2009"]
[BlackElo "1787"]

1. e4 c6 2. d4 d5 3. Nc3 dxe4 4. Nxe4 Bf5 5. Ng3 Bg6 6. Bc4 e6 7. N1e2 Bd6 8. Nf4
Qc7 9. Nfh5 Kf8 10. c3 Nd7 11. Qf3 Ngf6 12. Nf4 e5 13. Nxg6+ hxg6 14. Ne4 exd4
15. Nxd6 Qxd6 16. Bf4 Re8+ 17. Kf1 Qc5 18. Qd3 Ne5 19. Bxe5 Qxe5 20. cxd4 Qd6
21. g3 Rh5 22. Kg2 a5 23. Bb3 Rf5 24. Rhe1 Rd8 25. Rad1 Qd7 26. f3 Nd5 27. a3
Rh5 28. Kg1 Rf5 29. Rd2 Rf6 30. Re5 Rd6 31. Rde2 Nf6 32. Qe3 Re8 33. Rxe8+ Qxe8
34. Qd2 Qd8 35. Qc3 Qb6 36. Rd2 Qd8 37. Kg2 Qb6 38. Qc4 Rd7 39. Ba2 Nd5 40. Kf2
Kg8 41. Qc5 Qd8 42. Re2 Nf6 43. Qc4 Qb6 44. Qc5 Qd8 45. Rd2 Nd5 46. Qc2 Kf8 47.
Re2 Nf6 48. Qc4 Nd5 49. Re5 Qb6 50. Qc5+ Qxc5 51. dxc5 Nc7 52. Re2 Na6 53. Rc2
Ke7 54. Ke2 Kf6 55. f4 g5 56. fxg5+ Kxg5 57. Rc4 f5 58. Bb1 Rd5 59. b4 axb4 60.
axb4 g6 61. Bd3 Nc7 62. Rh4 Rd7 63. Bc4 Ne8 64. Rh8 Nf6 65. Rf8 1/2-1/2

[Event "V Miedzynarodowy Memorial Ireny Warakomskiej - Open B"]
[Site "Suwalki"]
[Date "2021-07-27"]
[Round "1.8"]
[White "Vingris., Mikelis "]
[Black "Madrawski, Krzysztof "]
[Result "0-1"]
[WhiteTitle ""]
[BlackTitle ""]
[WhiteElo "1783"]
[BlackElo "1999"]

1. e4 c5 2. Nf3 Nc6 3. d4 cxd4 4. Nxd4 e5 5. Nb5 d6 6. N1c3 a6 7. Na3 f5 8. Nc4
b5 9. Ne3 f4 10. Ned5 Nf6 11. a3 Be7 12. g3 Nxd5 13. Qxd5 Bb7 14. gxf4 Qd7 15.
Qd3 O-O 16. Bh3 Qe8 17. Nd5 Nd4 18. c3 Bxd5 19. cxd4 Bc4 20. Qc3 Qh5 21. Bf1 Rac8
22. Qh3 Bh4 23. Bd2 Kh8 24. Bc3 Bxf2+ 25. Kd2 Qf7 26. fxe5 dxe5 27. dxe5 Rfd8+
28. Kc2 Bb3+ 29. Kc1 Rd1# 0-1

[Event "V Miedzynarodowy Memorial Ireny Warakomskiej - Open B"]
[Site "Suwalki"]
[Date "2021-07-27"]
[Round "1.9"]
[White "Cichon, Jakub"]
[Black "Kazmierowski, Tymon"]
[Result "1-0"]
[WhiteTitle ""]
[BlackTitle ""]
[WhiteElo "1995"]
[BlackElo "1782"]

1. c4 c5 2. Nf3 Nc6 3. d4 cxd4 4. Nxd4 g6 5. e4 Bg7 6. Be3 Nf6 7. Nc3 O-O 8. Be2
d6 9. O-O Bd7 10. Rc1 Nxd4 11. Bxd4 Bc6 12. f3 a5 13. Qd2 Nd7 14. Be3 Nc5 15.
b3 Qb6 16. Nd5 Bxd5 17. exd5 Qb4 18. Rfd1 Rfc8 19. Rc2 Na6 20. Qc1 Nc5 21. Kh1
Qb6 22. Qb1 Qc7 23. Rf1 Na6 24. f4 f5 25. g4 Qd7 26. Rg1 e6 27. Rd2 exd5 28. gxf5
Re8 29. Rg3 d4 30. Bf2 Nc5 31. Bf3 d3 32. fxg6 Qf5 33. gxh7+ Kh8 34. Bxc5 dxc5
35. Qxd3 Qf6 36. Qg6 Qc3 37. Rd7 Bd4 38. Bd5 Re1+ 39. Kg2 Rg1+ 40. Kh3 Rxg3+ 41.
hxg3 Bg7 42. Qf7 1-0

[Event "V Miedzynarodowy Memorial Ireny Warakomskiej - Open B"]
[Site "Suwalki"]
[Date "2021-07-27"]
[Round "1.10"]
[White "Paszkowski, Krystian "]
[Black "Staroszczyk, Mateusz "]
[Result "0-1"]
[WhiteTitle ""]
[BlackTitle ""]
[WhiteElo "1782"]
[BlackElo "1993"]

1. e4 e5 2. Nf3 Nc6 3. Bc4 Bc5 4. c3 Nf6 5. d3 d6 6. Nbd2 a6 7. a4 O-O 8. O-O Ba7
9. h3 Be6 10. a5 d5 11. exd5 Bxd5 12. Re1 Re8 13. Qb3 Bxc4 14. Qxc4 Qd5 15. Ne4
Rad8 16. Nxf6+ gxf6 17. Qh4 Qxd3 18. Re4 Ne7 19. Bh6 Rd6 20. Rae1 Ng6 21. Qg4
Kh8 22. Nh4 Rdd8 23. Nf5 Rg8 24. h4 Qd7 25. h5 Rde8 26. hxg6 fxg6 27. Ne3 f5 28.
Qh3 Qd2 29. Nd1 Qd6 30. Rh4 Re7 31. Bg5 Rf7 32. Ne3 Bxe3 33. Rxe3 Qd1+ 34. Kh2
Re8 35. Rd3 Qe2 36. Rd2 Qb5 37. Qd3 Qxa5 38. Qd5 Qxd5 39. Rxd5 Kg7 40. Be3 f4
41. Bc5 b6 42. Ba3 e4 43. Kg1 h6 44. Rh3 g5 45. b3 e3 46. Kf1 Kg6 47. Bc1 exf2
48. Kxf2 Rfe7 49. Rhd3 Re2+ 50. Kf3 Re1 51. Rd1 R1e2 52. Rd7 c6 53. R7d6+ Kf5
54. g4+ fxg3 55. Kxg3 R8e6 56. Rxe6 Kxe6 57. Rd3 Kf5 58. Rf3+ Ke4 59. b4 Rc2 60.
Ba3 h5 0-1

[Event "V Miedzynarodowy Memorial Ireny Warakomskiej - Open B"]
[Site "Suwalki"]
[Date "2021-07-27"]
[Round "1.11"]
[White "Strzelecki, Jerzy"]
[Black "Koziol, Pawel"]
[Result "1-0"]
[WhiteTitle ""]
[BlackTitle ""]
[WhiteElo "1991"]
[BlackElo "1778"]

1. Nf3 Nf6 2. c4 d6 3. Nc3 e5 4. g3 g6 5. Bg2 Bg7 6. d3 O-O 7. O-O Nc6 8. Rb1 Nh5
9. Nd5 Ne7 10. Bg5 f6 11. Bd2 c6 12. Nxe7+ Qxe7 13. b4 f5 14. b5 c5 15. Ne1 Be6
16. e3 f4 17. exf4 exf4 18. Nf3 Bg4 19. h3 Bxf3 20. Qxf3 fxg3 21. Qd5+ Kh8 22.
f4 Qe2 23. Rbd1 Nxf4 24. Bxf4 Rxf4 25. Rxf4 Qxd1+ 26. Rf1 Bd4+ 27. Kh1 Qd2 28.
Qxb7 Re8 29. Qxa7 Qe1 30. Qf7 Qe7 31. Qxe7 Rxe7 32. b6 Re8 33. b7 h5 34. Rf7 Be5
35. Bd5 Bd4 36. Rc7 Re1+ 37. Kg2 Rg1+ 38. Kf3 1-0

[Event "V Miedzynarodowy Memorial Ireny Warakomskiej - Open B"]
[Site "Suwalki"]
[Date "2021-07-27"]
[Round "1.12"]
[White "Baranska, Monika "]
[Black "Malaczek, Mateusz"]
[Result "0-1"]
[WhiteTitle ""]
[BlackTitle ""]
[WhiteElo "1767"]
[BlackElo "1991"]

1. d4 g6 2. c4 Bg7 3. Nc3 d6 4. e4 e5 5. Nf3 Nc6 6. dxe5 dxe5 7. Qxd8+ Kxd8 8.
Bg5+ f6 9. O-O-O Bd7 10. Be3 Kc8 11. c5 Nh6 12. h3 Be6 13. Nd2 Nf7 14. Bc4 Re8
15. Bxe6+ Rxe6 16. Nb3 a5 17. a4 f5 18. f3 Re8 19. Rd2 Nfd8 20. Rhd1 Ne6 21. Nb5
Ncd4 22. Rd3 Nxb5 23. axb5 a4 24. Nd2 Ra5 25. b6 Nd4 26. bxc7 Rxc5+ 27. Kb1 Rxc7
28. Bxd4 exd4 29. Rc1 b5 30. b3 Rxc1+ 31. Kxc1 Bh6 32. bxa4 fxe4 33. fxe4 bxa4
34. Ra3 Rxe4 35. Kd1 Re3 36. Rxa4 Rd3 37. Ra2 Kd7 38. Ra7+ Kd6 39. Rxh7 Rxd2+
40. Ke1 Be3 41. Kf1 Rf2+ 0-1

[Event "V Miedzynarodowy Memorial Ireny Warakomskiej - Open B"]
[Site "Suwalki"]
[Date "2021-07-27"]
[Round "1.13"]
[White "Kaliszuk, Kamil"]
[Black "Ter-avetisjana, Agnesa "]
[Result "1-0"]
[WhiteTitle ""]
[BlackTitle ""]
[WhiteElo "1981"]
[BlackElo "1766"]

1. d4 d5 2. c4 c6 3. cxd5 cxd5 4. Bf4 Nc6 5. e3 Nf6 6. Nc3 a6 7. Be2 Qb6 8. a3
e6 9. Na4 Qd8 10. Nf3 Be7 11. h3 O-O 12. Bd3 Re8 13. O-O Bd7 14. Rc1 Rc8 15. b4
Nh5 16. Bh2 Nf6 17. Nc5 Bxc5 18. bxc5 Na5 19. Rb1 Ne4 20. Qc2 f5 21. Qb2 Nc4 22.
Bxc4 dxc4 23. Rfc1 Bb5 24. Qb4 c3 25. Ne5 Qd5 26. a4 Bc6 27. Nxc6 bxc6 28. Ra1
g5 29. Be5 g4 30. Qb7 Qxe5 31. dxe5 gxh3 32. gxh3 Nxc5 33. Qa7 Nd3 34. Kh2 Nxc1
35. Rxc1 Kf8 36. Qxa6 Rc7 37. Rxc3 c5 38. Rxc5 Rxc5 39. Qd6+ Re7 40. Qxc5 1-0

[Event "V Miedzynarodowy Memorial Ireny Warakomskiej - Open B"]
[Site "Suwalki"]
[Date "2021-07-27"]
[Round "1.14"]
[White "Kalejta, Arkadiusz "]
[Black "Rak, Tomasz"]
[Result "1-0"]
[WhiteTitle ""]
[BlackTitle ""]
[WhiteElo "1764"]
[BlackElo "1974"]

1. e4 c6 2. d4 d5 3. e5 Bf5 4. Nf3 e6 5. Be2 Be7 6. O-O h5 7. Nbd2 Nh6 8. Nb3 Nd7
9. Be3 Ng4 10. Qd2 Rc8 11. Rac1 Be4 12. Ne1 c5 13. Nxc5 Nxe3 14. Qxe3 Nxc5 15.
dxc5 Rxc5 16. b4 Rc7 17. Qxa7 O-O 18. a3 Qa8 19. Qe3 Rfc8 20. c4 h4 21. Nf3 h3
22. c5 f5 23. g3 Rd7 24. Nd4 Bg2 25. Rfd1 Kf7 26. Nxf5 d4 27. Rxd4 Rxd4 28. Nxd4
b6 29. c6 Bd5 30. Bf3 Kg8 31. Bxd5 exd5 32. Qb3 Kh8 33. Qf3 Rf8 34. Qc3 Qe8 35.
c7 Qf7 36. f4 Rc8 37. Nb5 Qh5 38. Qe3 g5 39. f5 g4 40. f6 Bf8 41. Nd6 d4 42. Qxd4
Qh7 43. Nxc8 Qf5 44. Nd6 Qf3 45. Qf2 Qxa3 46. Rf1 1-0

[Event "V Miedzynarodowy Memorial Ireny Warakomskiej - Open B"]
[Site "Suwalki"]
[Date "2021-07-27"]
[Round "1.15"]
[White "Povilaitis, Tomas"]
[Black "Marcussen, Claus "]
[Result "1-0"]
[WhiteTitle ""]
[BlackTitle ""]
[WhiteElo "1968"]
[BlackElo "1744"]

1. e4 d5 2. exd5 Qxd5 3. Nc3 Qd8 4. d4 g6 5. Bf4 Nh6 6. Qd2 Nf5 7. O-O-O Bg7 8.
Nf3 Nd7 9. g4 Nd6 10. Ne5 Nb6 11. Bh6 Bxe5 12. dxe5 Bxg4 13. Be2 Nbc4 14. Qf4
Bxe2 15. Nxe2 Qd7 16. exd6 Nxd6 17. Nc3 O-O-O 18. Rhe1 Rhe8 19. Qd4 Kb8 20. Be3
b6 21. Qd5 Qh3 22. Qc6 Qxh2 23. Nd5 Nf5 24. Bf4 1-0

[Event "V Miedzynarodowy Memorial Ireny Warakomskiej - Open B"]
[Site "Suwalki"]
[Date "2021-07-27"]
[Round "1.16"]
[White "Borowik, Wojciech"]
[Black "Jurkiewicz, Krzysztof"]
[Result "0-1"]
[WhiteTitle ""]
[BlackTitle ""]
[WhiteElo "1736"]
[BlackElo "1963"]

1. d4 Nf6 2. Nf3 g6 3. c4 Bg7 4. g3 O-O 5. Bg2 d6 6. Nc3 Nc6 7. O-O a6 8. Bf4 Rb8
9. e4 b5 10. b3 b4 11. e5 bxc3 12. exf6 Bxf6 13. Bg5 Bg7 14. Rc1 Bg4 15. Be3 e5
16. dxe5 Nxe5 17. Bf4 Qf6 18. Bxe5 dxe5 19. h3 Rfd8 20. Qe2 Rd2 21. Qe3 Bxf3 22.
Bxf3 Rxa2 23. Qxc3 e4 24. Qxf6 Bxf6 25. Bxe4 Rxb3 26. c5 Rc3 27. Rxc3 Bxc3 28.
Rd1 Rd2 29. Rxd2 Bxd2 30. Kf1 Kf8 31. Ke2 Bb4 32. c6 Ke7 33. g4 a5 34. Bc2 Kd6
35. Ba4 Bc3 36. Kd3 Be5 37. Ke4 f6 38. f3 Kc5 39. Kd3 Kb4 40. Bd1 Kc5 41. Bb3
Kxc6 42. Bg8 h6 43. Kc4 Bg3 44. Bh7 g5 45. Bc2 Bf2 46. Ba4+ Kd6 47. Kb5 Bb6 48.
Kc4 Ke5 49. Bc6 Kf4 50. Kd3 Kg3 51. Ke4 Kxh3 52. Kf5 Bd4 53. Kg6 Kg3 54. Kxh6
Kf4 55. Kg6 Ke5 56. Kf7 Kd6 57. Ba4 Kc5 58. Ke6 Kb4 59. Bc2 a4 60. Kd5 Be5 61.
Ke4 a3 62. Bb1 Kb3 0-1

[Event "V Miedzynarodowy Memorial Ireny Warakomskiej - Open B"]
[Site "Suwalki"]
[Date "2021-07-27"]
[Round "1.17"]
[White "Ryszkiewicz, Adam"]
[Black "Zakrzewska, Joanna "]
[Result "1-0"]
[WhiteTitle ""]
[BlackTitle ""]
[WhiteElo "1959"]
[BlackElo "1736"]

1. d4 d5 2. c4 Nc6 3. cxd5 Qxd5 4. e3 e5 5. Nc3 Bb4 6. Bd2 Bxc3 7. bxc3 Nf6 8.
c4 Qd6 9. d5 Nb8 10. Qa4+ Nbd7 11. Bb4 Qa6 12. Qb3 c5 13. Bc3 O-O 14. Ne2 Ne4
15. Bb2 Re8 16. f3 Qa5+ 17. Nc3 Nd6 18. Bd3 e4 19. Bxe4 Nxe4 20. fxe4 Rxe4 21.
O-O Rxe3 22. Rae1 Rxe1 23. Rxe1 Nf6 24. Re3 h6 25. Nb5 Ng4 26. Re8+ Kh7 27. Qd3+
f5 28. h3 Qxa2 29. Re2 Nf6 30. Bxf6 Qa5 31. Bc3 Qd8 32. Qg3 Qd7 33. Nc7 1-0

[Event "V Miedzynarodowy Memorial Ireny Warakomskiej - Open B"]
[Site "Suwalki"]
[Date "2021-07-27"]
[Round "1.18"]
[White "Filipow, Mateusz "]
[Black "Zianowicz, Dominik "]
[Result "0-1"]
[WhiteTitle ""]
[BlackTitle ""]
[WhiteElo "1730"]
[BlackElo "1957"]

1. e4 c6 2. d4 d5 3. exd5 cxd5 4. Bd3 Nc6 5. Nf3 Bg4 6. c3 Nf6 7. O-O e6 8. h3
Bh5 9. Bf4 Bd6 10. Bxd6 Qxd6 11. Nbd2 O-O 12. Qc2 Rfc8 13. a3 Rab8 14. Rae1 b5
15. g4 Bg6 16. Bxg6 hxg6 17. Qd3 Qf4 18. Qe3 Qxe3 19. fxe3 Na5 20. Ne5 Rb7 21.
Nd3 Nc4 22. Nb3 Ne4 23. Ndc5 Rb6 24. Nxe4 dxe4 25. Rf2 f5 26. Nc5 Ne5 27. Kh1
Nf3 28. Rd1 Rd6 29. Nb3 Kf7 30. Nd2 Nxd2 31. Rdxd2 Kf6 32. Kg2 g5 33. Rc2 g6 34.
Kg3 Rd7 35. Rc1 e5 36. gxf5 gxf5 37. dxe5+ Kxe5 38. Rcf1 Rf8 39. Re2 f4+ 40. exf4+
gxf4+ 41. Kf2 f3 42. Ke1 Rf6 43. Rc2 e3 44. c4 e2 45. Rxf3 Rxf3 46. Rxe2+ Kf4
47. Rg2 Re3+ 0-1

[Event "V Miedzynarodowy Memorial Ireny Warakomskiej - Open B"]
[Site "Suwalki"]
[Date "2021-07-27"]
[Round "1.19"]
[White "Mroz, Waldemar "]
[Black "Rudzkis, Vilius"]
[Result "1-0"]
[WhiteTitle ""]
[BlackTitle ""]
[WhiteElo "1954"]
[BlackElo "1724"]

1. e4 c5 2. Nf3 Nc6 3. d4 cxd4 4. Nxd4 Nf6 5. Nc3 e5 6. Ndb5 d6 7. Nd5 Nxd5 8.
exd5 Nb8 9. c4 Be7 10. Be2 a6 11. Nc3 O-O 12. O-O f5 13. f3 Bg5 14. Kh1 Nd7 15.
Bd2 Bxd2 16. Qxd2 Nf6 17. Bd3 Nh5 18. g3 g5 19. b4 e4 20. fxe4 f4 21. Be2 g4 22.
c5 f3 23. Bd3 Qf6 24. cxd6 Bd7 25. e5 Qxe5 26. Rae1 Qg7 27. Re7 Rf7 28. Rxf7 Qxf7
29. Qg5+ Kh8 30. Qe5+ Kg8 31. Ne4 Qf5 32. Qe7 Re8 33. Nf6+ Qxf6 34. Qxd7 Nxg3+
35. hxg3 Qh6+ 36. Kg1 Qe3+ 37. Rf2 1-0

[Event "V Miedzynarodowy Memorial Ireny Warakomskiej - Open B"]
[Site "Suwalki"]
[Date "2021-07-27"]
[Round "1.20"]
[White "Mazurek, Jerzy "]
[Black "Zabrzanska, Weronika "]
[Result "1/2-1/2"]
[WhiteTitle ""]
[BlackTitle ""]
[WhiteElo "1719"]
[BlackElo "1938"]

1. c4 e6 2. Nc3 d5 3. d4 Nf6 4. cxd5 exd5 5. Bg5 c6 6. Qc2 Be7 7. e3 h6 8. Bh4
O-O 9. Bd3 Re8 10. Nge2 Ne4 11. Bxe7 Qxe7 12. Bxe4 dxe4 13. Ng3 f5 14. O-O Na6
15. a3 Nc7 16. Qb3+ Qe6 17. Qc2 Nd5 18. Rad1 Nxc3 19. bxc3 b6 20. Qa4 a5 21. f3
Ba6 22. Rf2 Bd3 23. fxe4 fxe4 24. Nh5 Qc4 25. Qxc4+ Bxc4 26. Nf4 Kh7 27. h4 Rf8
28. Rb2 b5 29. h5 Rf5 30. Kh2 Rg5 31. Rg1 Ra7 32. g4 Bf7 33. Nh3 Rd5 34. Nf4 Rg5
1/2-1/2

[Event "V Miedzynarodowy Memorial Ireny Warakomskiej - Open B"]
[Site "Suwalki"]
[Date "2021-07-27"]
[Round "1.21"]
[White "Krawczyk, Wojciech "]
[Black "Shamatava, Nikoloz "]
[Result "1-0"]
[WhiteTitle ""]
[BlackTitle ""]
[WhiteElo "1928"]
[BlackElo "1714"]

1. c4 e5 2. Nc3 Nc6 3. Nf3 g6 4. g3 Bg7 5. Bg2 Nge7 6. Rb1 a5 7. a3 O-O 8. O-O
f5 9. d3 Kh8 10. Bd2 d5 11. cxd5 Nxd5 12. Nxd5 Qxd5 13. Rc1 Ra6 14. b4 axb4 15.
axb4 Qb5 16. Rc5 Qb6 17. Qc1 Nxb4 18. Rxc7 Nc6 19. Rxg7 Kxg7 20. Bh6+ Kg8 21.
Bxf8 Kxf8 22. Nxe5 Be6 23. Bxc6 bxc6 24. Qh6+ Kg8 25. Nxg6 Qd8 26. Nf4 Bf7 27.
Rc1 Qd7 28. Qg5+ Kf8 29. Qf6 Ke8 30. Rc5 1-0

[Event "V Miedzynarodowy Memorial Ireny Warakomskiej - Open B"]
[Site "Suwalki"]
[Date "2021-07-27"]
[Round "1.22"]
[White "Lukasik, Zuzanna "]
[Black "Paprocki, Antoni "]
[Result "1/2-1/2"]
[WhiteTitle ""]
[BlackTitle ""]
[WhiteElo "1709"]
[BlackElo "1912"]

1. e4 c5 2. Nf3 d6 3. c3 Nf6 4. Be2 Nc6 5. Qc2 Bg4 6. a4 g6 7. d3 Bg7 8. Be3 Rc8
9. Nbd2 O-O 10. h3 Bxf3 11. Nxf3 a6 12. O-O b5 13. axb5 axb5 14. Rfc1 b4 15. d4
cxd4 16. Nxd4 Nxd4 17. Bxd4 e5 18. Be3 d5 19. exd5 Nxd5 20. Qd2 bxc3 21. bxc3
e4 22. Ra3 Re8 23. Rb3 Bf6 24. Rc2 Nxe3 25. Qxd8 Rexd8 26. fxe3 Bg5 27. c4 Rc5
28. g3 h5 29. Kf2 Rf5+ 30. Kg2 Be7 31. Rcb2 h4 32. g4 Rf6 33. Rb8 Rxb8 34. Rxb8+
Kg7 35. Rb5 Bd6 36. Rb6 Bc5 37. Rxf6 Kxf6 38. Kf2 Ke5 39. Bf1 f5 40. gxf5 gxf5
41. Ke2 Bd6 42. Kd2 Bb4+ 43. Kc2 Bc5 1/2-1/2

[Event "V Miedzynarodowy Memorial Ireny Warakomskiej - Open B"]
[Site "Suwalki"]
[Date "2021-07-27"]
[Round "1.23"]
[White "Bartoszewicz, Marcin "]
[Black "Taranowicz, Michal "]
[Result "0-1"]
[WhiteTitle ""]
[BlackTitle ""]
[WhiteElo "1911"]
[BlackElo "1701"]

1. e4 c5 2. Nf3 g6 3. d4 cxd4 4. Nxd4 Bg7 5. Nc3 Nc6 6. Be3 Nf6 7. Nb3 d6 8. f3
O-O 9. Qd2 Be6 10. O-O-O Rc8 11. Bh6 Nb4 12. Bxg7 Kxg7 13. Kb1 a5 14. a3 Nc6 15.
Nd4 Nxd4 16. Qxd4 Qc7 17. g4 Kg8 18. h4 Nd7 19. g5 Nb6 20. h5 Qc5 21. Qd2 Qe5
22. f4 Qg7 23. f5 gxf5 24. exf5 Bxf5 25. Qf2 Rc5 26. Rg1 Kh8 27. Bd3 Bxd3 28.
Rxd3 Nc4 29. h6 Qg6 30. Nd5 Re8 31. Qd4+ e5 32. Qf2 e4 33. Qd4+ Re5 34. Rb3 b5
35. Nc3 Qe6 36. Nxb5 e3 37. Nc7 Rxc7 0-1

[Event "V Miedzynarodowy Memorial Ireny Warakomskiej - Open B"]
[Site "Suwalki"]
[Date "2021-07-27"]
[Round "1.24"]
[White "Grabarczyk, Sylwester"]
[Black "Mizzi, Jack"]
[Result "1-0"]
[WhiteTitle ""]
[BlackTitle ""]
[WhiteElo "1691"]
[BlackElo "1899"]

1. e4 c6 2. c3 d5 3. exd5 cxd5 4. d4 Nf6 5. Nf3 Bf5 6. Bb5+ Nbd7 7. O-O Qc7 8.
Ne5 a6 9. Qa4 Rd8 10. Be2 e6 11. g4 Bxb1 12. Rxb1 Bd6 13. f4 O-O 14. Bf3 Ne4 15.
Qc2 f5 16. g5 Bxe5 17. fxe5 b5 18. Qg2 Nb6 19. g6 h6 20. Bxe4 fxe4 21. Bg5 Rde8
22. Qh3 Qd7 23. b3 Rf5 24. Rxf5 exf5 25. Rf1 Rf8 26. Rf4 a5 27. Qh5 a4 28. Rh4
axb3 29. axb3 Re8 30. Bxh6 gxh6 31. Qxh6 Qg7 32. Qg5 Qe7 33. Qh5 Qg7 34. Qxf5
Qd7 35. Qh5 Qg7 36. Qf5 Qf8 37. Rh8+ Kg7 38. Rxf8 Rxf8 39. Qe6 Nc8 40. Qxd5 e3
41. Qe4 Ne7 42. Qxe3 Nxg6 43. e6 Kf6 44. d5 Rg8 45. Kf1 Rd8 46. Qd4+ Kf5 47. c4
Nf4 48. e7 Rg8 49. d6 bxc4 50. bxc4 Rb8 51. Qd1 Ke6 52. c5 Nd5 53. Qe2+ Kd7 54.
Qd3 Kc6 55. Qa6+ Kxc5 56. Qa7+ 1-0

[Event "V Miedzynarodowy Memorial Ireny Warakomskiej - Open B"]
[Site "Suwalki"]
[Date "2021-07-27"]
[Round "1.25"]
[White "Topola, Rafal"]
[Black "Cichon, Bartlomiej "]
[Result "1-0"]
[WhiteTitle ""]
[BlackTitle ""]
[WhiteElo "1896"]
[BlackElo "1682"]

1. e4 c5 2. Nf3 d6 3. d4 cxd4 4. Nxd4 Nf6 5. Nc3 a6 6. a3 e5 7. Nf5 d5 8. Bg5 d4
9. Bxf6 gxf6 10. Nb1 Qb6 11. Nd2 Be6 12. Bc4 Nd7 13. O-O O-O-O 14. b4 Qc7 15.
Bb3 Kb8 16. Qe2 Rg8 17. Rfc1 Rg6 18. g3 Bh6 19. Nxh6 Rxh6 20. c3 dxc3 21. Bxe6
fxe6 22. Qe3 Rg6 23. Rxc3 Qb6 24. Nb3 Qxe3 25. Rxe3 b6 26. Rd1 Rgg8 27. Red3 Kc7
28. Rc3+ Kb7 29. Rd6 f5 30. Rxe6 f4 31. Re7 Kb8 32. Kg2 Rg5 33. Rd3 Kc8 34. Nd2
1-0